[Event "2nd Sharjah Masters 2018"]
[Site "Sharjah"]
[Date "2018.04.13"]
[Round "2"]
[White "Kryvoruchko, Yuriy"]
[Black "Iniyan, P."]
[Result "1-0"]
[WhiteElo "2703"]
[BlackElo "2466"]
[Annotator "TA"]
[PlyCount "83"]
[EventDate "2018.??.??"]
[EventType "swiss"]
[EventCountry "UAE"]
[SourceTitle "playchess.com"]
[Source "ChessBase"]
[SourceQuality "1"]

{[%evp 11,83,0,4,1,4,4,14,8,18,23,40,51,102,108,152,148,161,166,181,178,176,157,192,136,131,107,112,99,227,193,289,274,247,210,231,185,255,235,233,260,264,179,229,243,272,135,125,131,120,127,129,91,129,125,114,44,154,70,81,95,81,24,17,24,46,46,46,46,222,207,5265,5203,4762,1554]} 1. d4 Nf6 2. Bf4 g6 3. Nc3 d5 4. e3 Bg7 5. h4 h5 6. Nf3 {A45: Trompowsky Attack} c6 {LiveBook: 4 Games} (6... Bg4 7. Be2 Bxf3 8. Bxf3 c6 9. Qd2 Nbd7 10. O-O-O b5 11. Kb1 {½-½ (34) Aronian,L (2797)-Vachier Lagrave,M (2793) Caleta 2018}) 7. Qd2 Nbd7 8. Ne5 {The position is equal.} Nxe5 9. Bxe5 O-O $146 ({Predecessor:} 9... Bf5 10. Bd3 Qd7 11. f3 O-O 12. Nd1 c5 13. dxc5 {0-1 (33) Tziallilas,K (2084)-Nikolaou,G (2208) Athens 2012}) 10. O-O-O Bh6 11. f3 Qa5 (11... b5 $14) 12. Kb1 $1 $16 Nd7 13. Bf4 $1 {[%cal Rf4h6]} Bg7 14. g4 $1 e5 15. Bg3 $1 hxg4 16. fxg4 Nf6 17. Bxe5 (17. h5 $1 $18 {[%cal Rh5h6] h6 is the strong threat.} Nxg4 18. dxe5) 17... Bxg4 18. Bxf6 Bxf6 19. Be2 Be6 (19... Bxe2 $16 {was called for.} 20. Qxe2 Rae8) 20. Bd3 Kg7 (20... Rae8 {is a better defense.} 21. Rdf1 Qd8) 21. Rdf1 $18 Be7 22. Qh2 {Hoping for Qe5+.} Qd8 23. h5 Bd6 (23... Qd6 $142) 24. Qg2 g5 25. e4 Be7 26. e5 f5 27. exf6+ Bxf6 28. Ne4 ({Weaker is} 28. Qe2 Qd6 $14) (28. Ne2 $18) 28... dxe4 $16 29. Qxe4 {[%csl Gd3][%cal Re4h7]} Rf7 30. Qxe6 Qxd4 {[%csl Gf6][%cal Rd4b2]} 31. Qb3 $1 Qb6 32. Qa3 $40 {[%mdl 128] aiming for Rxf6! White goes for the king.} c5 33. b3 (33. c3 $16) 33... Qb4 {[#]} (33... Rd7 $14) 34. Qxb4 (34. Qc1 $1 $16 Qd4 {[#]} 35. Rxf6 $1 {[%mdl 512]} Rxf6 36. Qxg5+ Kh8 37. Bg6) 34... cxb4 $14 35. h6+ Kh8 36. Bc4 (36. Rf5 $16 {And now Rhf1 would win.} Rc8 37. Rhf1) 36... Rff8 $11 37. Rf5 Rae8 38. Rhf1 Be7 39. Re5 Bd8 $2 ({Black should play} 39... Bd6 $14 40. Rxf8+ Rxf8 41. Rxg5 Rf6) 40. Rf7 $18 {Strongly threatening Bd3.} Rg8 $2 {[#]} (40... g4 41. Bb5 Rxe5 42. Rxf8+ Kh7 43. Bd3+ Kxh6) 41. Bd3 $1 {[%csl Gd3][%cal Rf7h7][%mdl 512]} Rgf8 42. Bg6 {Precision: White = 57%, Black = 40%.} 1-0

[Event "2nd Sharjah Masters 2018"]
[Site "Sharjah"]
[Date "2018.04.13"]
[Round "2"]
[White "Naiditsch, Arkadij"]
[Black "Sundararajan, Kidambi"]
[Result "1-0"]
[WhiteElo "2701"]
[BlackElo "2436"]
[Annotator "TA"]
[PlyCount "85"]
[EventDate "2018.??.??"]
[EventType "swiss"]
[EventCountry "UAE"]
[SourceTitle "playchess.com"]
[Source "ChessBase"]
[SourceQuality "1"]

{[%evp 14,85,4,-4,36,29,36,37,27,38,25,15,37,33,46,35,27,32,35,45,69,67,55,55,58,43,52,46,172,154,165,165,195,188,186,192,244,237,224,240,235,227,245,222,312,300,309,308,333,331,441,428,447,396,532,528,597,570,616,615,750,517,512,508,491,499,616,515,502,497,822,822,1253,902]} 1. d4 Nf6 2. Nf3 e6 3. g3 d5 4. Bg2 b5 5. O-O Nbd7 6. Nbd2 {A46: 1 d4 Nf6 2 Nf3 e6: Torre, London and Colle Systems} (6. Qd3 Rb8 7. Ne5 Nxe5 8. dxe5 Nd7 9. e4 Nxe5 10. Qd4 Bd6 11. exd5 O-O 12. Nc3 exd5 13. Nxd5 {½-½ (52) Mamedyarov,S (2799)-Oparin,G (2602) Moscow 2017}) 6... Bb7 7. a4 b4 8. c4 {LiveBook: 5 Games. The position is equal.} a5 9. cxd5 $146 ({Predecessor:} 9. c5 Be7 10. Qc2 Nb8 11. Ne5 Nc6 12. Nxc6 Bxc6 13. f4 {0-1 (47) Lubczynski,R (2428)-Hracek,Z (2624) Warsaw 2009}) 9... exd5 10. Nb3 Bd6 11. Bg5 O-O 12. Nfd2 Re8 13. Re1 c5 {[#]} 14. e4 $1 {[%mdl 512] Threatens to win with e5.} cxd4 (14... dxe4 15. Nxe4) 15. exd5 Rxe1+ 16. Qxe1 h6 17. Bxf6 $1 Nxf6 18. Nc4 Bxd5 19. Bxd5 Nxd5 20. Rd1 Be7 ({Better is} 20... Nb6 $1 $14 21. Ncxa5 Nxa4) 21. Rxd4 $18 Bf6 22. Rd2 {[#] Qe4 is the strong threat.} Qe7 23. Qd1 Qc7 24. Nbxa5 $1 ({Not} 24. Rxd5 Qxc4 25. h4 Qc6 $11) 24... Nb6 (24... Ne7 $142 25. Rd7 Qc5) 25. Nxb6 Qxb6 26. Nc4 Qc6 27. b3 Re8 28. Rd3 h5 (28... Qa8 $142 29. Ne3 Qc6) 29. h4 Qc5 30. Kg2 g6 31. Rd6 Bc3 32. Qf3 Re7 33. Rc6 Qd4 34. a5 {[%cal Ba4a5,Ba5a6][%mdl 32] White is clearly winning.} Kg7 35. a6 Be1 36. Rd6 Qa1 37. Qd1 Qxd1 38. Rxd1 {KRB-KRN} Bc3 39. Rd6 Re2 40. Rd5 Re7 41. Nd6 Re2 (41... Be5 $142 42. a7 Rxa7 43. Rxe5 Ra3) 42. Nb7 Be1 43. Kf1 {Precision: White = 79%, Black = 26%.} 1-0

[Event "2nd Sharjah Masters 2018"]
[Site "Sharjah"]
[Date "2018.04.13"]
[Round "2"]
[White "Eljanov, Pavel"]
[Black "Tahbaz, Arash"]
[Result "1/2-1/2"]
[WhiteElo "2700"]
[BlackElo "2434"]
[Annotator "TA"]
[PlyCount "73"]
[EventDate "2018.??.??"]
[EventType "swiss"]
[EventCountry "UAE"]
[SourceTitle "playchess.com"]
[Source "ChessBase"]
[SourceQuality "1"]

{[%evp 28,73,27,32,38,27,40,48,31,0,0,0,0,0,0,0,0,0,0,-17,0,0,0,-14,0,-7,-10,-10,-13,-21,0,0,0,0,0,0,0,0,0,0,0,0,0,0,0,0,0,8]} 1. e4 c5 2. Nf3 g6 3. c4 Nc6 4. d4 cxd4 5. Nxd4 Nf6 6. Nc3 Nxd4 7. Qxd4 d6 8. Be2 Bg7 9. Be3 O-O 10. Qd2 Be6 11. O-O Qa5 12. Rab1 Rfc8 13. b3 Ng4 14. Bd4 {B36: Sicilian: Maroczy Bind: Gurgenidze System} (14. Nd5 Qxd2 15. Bxd2 Kf8 16. Bg5 Nf6 17. Nxf6 Bxf6 18. Bxf6 exf6 19. f4 Rc5 20. Rfd1 Ke7 21. Kf2 a6 {½-½ (63) Leko,P (2755)-Ivanchuk,V (2787) Mukachevo 2007}) 14... Bxd4 15. Qxd4 {LiveBook: 4 Games} Nf6 16. Rfe1 {White is slightly better.} Qb4 $146 ({Find the theoretical novelty and annotate with similar games:} 16... a6 17. Bf3 Nd7 18. Nd5 Bxd5 19. exd5 Qxa2 20. Bg4 Rc7 21. Bxd7 Rxd7 {½-½ (37) Mercader Martinez,J (2368)-Parsons,L (2420) ICCF email 2016}) 17. Bf1 a6 18. Nd5 Bxd5 $1 {The position is equal.} 19. exd5 Rc7 20. Re3 b5 21. Rbe1 Raa7 {[%cal Ba8a7,Ba7b7,Bb7b4][%mdl 32]} 22. h4 bxc4 23. Bxc4 a5 24. a4 Rab7 25. g3 Qc5 26. Qd2 Ng4 27. Re4 Ne5 28. Kg2 Rb4 (28... h5 {NOTEXT} 29. Bb5 Qc2 30. Qxc2 Rxc2 31. R1e2 Rc3) 29. h5 Nxc4 30. bxc4 Rxc4 {aiming for ...Rc2.} 31. Rxc4 Qxc4 32. Qxa5 gxh5 33. Rxe7 Rxe7 34. Qd8+ Kg7 35. Qxe7 Qxd5+ 36. Kh2 Qd4 37. Qg5+ {Precision: White = 65%, Black = 65%.} 1/2-1/2

[Event "2nd Sharjah Masters 2018"]
[Site "Sharjah"]
[Date "2018.04.13"]
[Round "2"]
[White "Kravtsiv, Martyn"]
[Black "Dimakiling, Oliver"]
[Result "1-0"]
[WhiteElo "2680"]
[BlackElo "2412"]
[Annotator "TA"]
[PlyCount "59"]
[EventDate "2018.??.??"]
[EventType "swiss"]
[EventCountry "UAE"]
[SourceTitle "playchess.com"]
[Source "ChessBase"]
[SourceQuality "1"]

{[%evp 9,59,-6,0,-2,0,-14,-18,-57,-42,-39,-40,-58,-43,-37,-30,-43,0,0,0,2,48,30,61,22,39,34,25,38,57,47,51,60,102,102,105,94,145,158,632,51,328,325,829,830,823,823,787,748,29989,29990,29994,29995]} 1. d4 Nf6 2. Bf4 b6 3. Nf3 Bb7 4. e3 g6 5. Nc3 (5. c4 Bg7 6. Nc3 O-O 7. h3 d5 8. Qb3 e6 9. cxd5 Nxd5 10. Nxd5 Bxd5 11. Bc4 Bxf3 12. gxf3 Nd7 {1-0 (57) Karjakin,S (2781)-Vachier Lagrave,M (2796) Stavanger 2017}) 5... Bg7 6. Bd3 {A47: 1 d4 Nf6 2 Nf3 b6: Torre, London and Colle Systems} c5 7. Qe2 O-O $146 ({Predecessor:} 7... d6 8. h4 h5 9. O-O-O Nbd7 10. Rhe1 a6 11. e4 cxd4 12. e5 dxe5 {½-½ (27) Urretavizcaya Merino,A-Boix Moreno,D (2215) San Sebastian 1995}) 8. h4 {The position is equal.} d5 {[%cal Bd7d5,Bd5e4][%mdl 32]} 9. Qd2 Ne4 10. Bxe4 dxe4 11. Ne5 f6 12. Nc4 Qc8 {Strongly threatening ...cxd4.} 13. d5 Rd8 14. O-O-O Nc6 15. f3 Ba6 16. Nd6 exd6 17. dxc6 Qxc6 18. fxe4 Bc8 19. h5 gxh5 20. Nd5 {And now Ne7+ would win.} Qb7 21. Rxh5 {Threatens to win with Rdh1.} Bg4 22. Rh4 h5 (22... Bxd1 $142 23. Qxd1 Qf7) 23. Rf1 $16 Qa6 $2 {[#]} (23... Re8 $16) 24. Qf2 $2 ({White has to play} 24. Nxf6+ $1 $18 {[%mdl 512]} Bxf6 {[#]} 25. Rxg4+ $1 {[%mdl 512]} Kh8 26. Rh1 Qf1+ 27. Rxf1 hxg4 28. Qd5) 24... Qc4 $2 {[%mdl 8192] [#]} (24... Qe2 $1 $14) 25. Bh6 $1 $18 {[%mdl 512]} Rf8 $2 (25... Bxh6 26. Qxf6 (26. Nxf6+ Kh8 $16) 26... Qxf1+ 27. Qxf1 Rf8) 26. Bxg7 Kxg7 {[#]} 27. Rxg4+ $1 {[%mdl 512]} hxg4 28. Qf5 Rf7 29. Rh1 Kg8 30. Qxg4+ {Precision: White = 68%, Black = 27%.} 1-0

[Event "2nd Sharjah Masters 2018"]
[Site "Sharjah"]
[Date "2018.04.13"]
[Round "2"]
[White "Safarli, Eltaj"]
[Black "Pranav Vijay"]
[Result "1-0"]
[WhiteElo "2653"]
[BlackElo "2265"]
[Annotator "TA"]
[PlyCount "49"]
[EventDate "2018.??.??"]
[EventType "swiss"]
[EventCountry "UAE"]
[SourceTitle "playchess.com"]
[Source "ChessBase"]
[SourceQuality "1"]

{[%evp 21,48,56,72,63,62,60,48,33,269,289,291,269,308,297,310,245,431,408,835,825,29984,29985,29985,29986,29986,29987,29997,29998,29999]} 1. e4 e5 2. Nf3 Nc6 3. Bb5 {[%cal Bf1b5,Bb5a4,Ba4b3][%mdl 32]} a6 4. Ba4 d6 5. O-O Bd7 6. d4 b5 7. Bb3 Nxd4 8. Nxd4 exd4 9. c3 dxc3 10. Qh5 Qf6 {C72: Ruy Lopez: Deferred Steinitz: 5 0-0} (10... g6 11. Qd5 Be6 12. Qc6+ Bd7 13. Qxc3 Nf6 14. e5 dxe5 15. Qxe5+ Qe7 16. Qxc7 Bg7 17. Nc3 b4 18. Bg5 {½-½ (48) Kokarev,D (2616)-Vavulin,M (2575) Moscow 2018}) 11. Nxc3 c6 {LiveBook: 4 Games} 12. Re1 {[%cal Bf1e1,Be1e5,Be5c5][%mdl 32] Hoping for e5.} Be7 {White is slightly better.} 13. e5 $146 ({Predecessor:} 13. f4 Nh6 14. f5 Qh4 15. Qxh4 Bxh4 16. Rd1 Ng4 17. Rxd6 Bf2+ 18. Kf1 {1-0 (38) Sigurjonsson,G (2485)-Hansson,D (2330) Borgarnes 1985}) 13... dxe5 14. Rxe5 {aiming for Ne4.} O-O-O $2 {[#]} ({Black should play} 14... Bg4 $1 $14 15. Bxf7+ (15. Qg5 Qxg5 16. Bxg5 f6 $17) 15... Kf8 16. Qxg4 Qxe5) 15. Ne4 $18 Qg6 16. Qf3 f5 17. Nc5 Bxc5 18. Rxc5 {Strongly threatening a4.} Qd6 $2 {[#]} (18... Kb7 {was called for.} 19. a4 Qd6) 19. Be3 Nf6 (19... Ne7 $142 20. Rac1 Kb7) 20. Rd1 Qe7 21. Rxc6+ {White mates.} Bxc6 22. Qxc6+ Kb8 23. Qb6+ Kc8 24. Rc1+ Kd7 25. Qc6# 1-0

[Event "2nd Sharjah Masters 2018"]
[Site "Sharjah"]
[Date "2018.04.13"]
[Round "2"]
[White "Rakhmanov, Aleksandr"]
[Black "Asmar, Elie"]
[Result "1-0"]
[WhiteElo "2652"]
[BlackElo "2060"]
[Annotator "TA"]
[PlyCount "69"]
[EventDate "2018.??.??"]
[EventType "swiss"]
[EventCountry "UAE"]
[SourceTitle "playchess.com"]
[Source "ChessBase"]
[SourceQuality "1"]

{[%evp 16,69,78,76,67,67,72,69,60,-26,167,164,163,168,161,161,208,196,205,140,132,129,129,127,184,171,217,205,219,219,264,252,285,292,340,318,373,372,364,373,408,401,471,464,498,517,2124,1736,1535,818,786,766,29995,29996,29997,29998]} 1. b3 e5 2. Bb2 Nc6 3. e3 d5 4. Bb5 Bd6 5. Nf3 Qe7 6. c4 a6 {A01: Nimzowitsch-Larsen Opening} 7. Bxc6+ bxc6 8. c5 Bxc5 9. Nxe5 {LiveBook: 3 Games} Bd6 (9... Bb7 10. O-O Bd6 11. Nf3 Nf6 12. d3 c5 13. Nbd2 O-O 14. Qc2 {½-½ (47) Svidler,P (2734)-Nielsen,P (2700) Copenhagen 2010}) 10. Nxc6 Qg5 $1 {[%cal Rg5g2]} 11. Kf1 Nf6 12. Ba3 $146 (12. h4 $14 Qf5 13. Bxf6 Qxf6 14. Nc3) ({Predecessor:} 12. f4 Qh4 13. Qe1 Qh6 14. Qg3 O-O 15. Nc3 Bd7 16. Ne5 Bxe5 17. fxe5 Nh5 18. Qh4 {½-½ (18) Tremoehlen,T (1986)-Flach,E (2105) Wiesbaden 2017}) 12... Bf5 $2 {[#]} (12... Ne4 $1 $11 13. Nd4 Qf6) 13. Bxd6 $18 Bd3+ 14. Kg1 cxd6 15. Nc3 Ne4 16. h4 Qf6 17. Nxe4 dxe4 18. Rc1 O-O 19. Rc3 a5 (19... Rfc8 $16 20. Qc1 Rc7) 20. a4 Kh8 21. Qg4 Qe6 22. Qf4 f5 23. Nd4 Qd7 24. Kh2 Rf6 25. Rhc1 h6 26. Rc7 Qe8 27. Kg1 ({Weaker is} 27. Nxf5 Qe5 $18) 27... Qh5 28. Rd7 ({Less strong is} 28. Qg3 Rg8 $18) 28... Raf8 29. Rxd6 Rxd6 30. Qxd6 Rf6 (30... Re8 $142 31. g3 Qg4) 31. Rc8+ Kh7 32. Ne6 {[#] Intending Nf8+ and mate.} Qd1+ 33. Kh2 {Qd8 would kill now.} Qxd2 34. Qd8 Rxe6 35. h5 {Precision: White = 74%, Black = 17%.} 1-0

[Event "2nd Sharjah Masters 2018"]
[Site "Sharjah"]
[Date "2018.04.13"]
[Round "2"]
[White "Mareco, Sandro"]
[Black "Aditya Varun Gampa"]
[Result "1-0"]
[WhiteElo "2645"]
[BlackElo "1696"]
[Annotator "TA"]
[PlyCount "95"]
[EventDate "2018.??.??"]
[EventType "swiss"]
[EventCountry "UAE"]
[SourceTitle "playchess.com"]
[Source "ChessBase"]
[SourceQuality "1"]

{[%evp 23,95,33,48,27,42,45,74,39,33,45,49,49,38,34,39,41,306,302,294,314,307,311,310,302,333,331,317,288,368,365,361,355,475,473,491,373,446,448,439,419,467,458,466,466,464,464,449,451,441,437,431,419,451,387,632,636,632,638,762,762,743,735,714,704,839,791,1063,1037,2034,2230,4009,6498,5029,4092]} 1. Nf3 c5 2. c4 Nc6 3. d4 cxd4 4. Nxd4 Nf6 5. Nc3 e6 6. a3 Bc5 7. Nb3 Be7 8. e4 d6 {A33: Symmetrical English: 2 Nf3 Nf6 3 d4 cxd4 4 Nxd4 e6 5 Nc3 Nc6} (8... O-O 9. Be2 b6 10. O-O Bb7 11. Be3 d6 12. f4 Rc8 13. Rc1 Nb8 14. Qd3 a6 15. Nd4 Nc6 16. b4 Nxd4 17. Bxd4 Nd7 18. Qg3 Bf6 19. Rfd1 {1-0 (70) Adams,M (2751)-Hou,Y (2651) Caleta 2017}) 9. Be2 O-O 10. O-O a6 11. Be3 b6 12. f4 Bb7 {LiveBook: 3 Games} 13. Bf3 Qc7 14. Rc1 {[#] And now Nd5! would win.} Rac8 $146 ({Predecessor:} 14... Nd7 15. Qe2 Rac8 16. Nd5 {1-0 (40) Milov,V (2633)-Krasenkow,M (2570) Frankfurt 1999}) 15. Nd5 exd5 16. cxd5 Qd7 17. dxc6 Rxc6 18. Qd3 Rxc1 19. Rxc1 d5 $2 {[%mdl 8192] [#]} (19... Rc8 $14) 20. e5 $18 ({Stronger than} 20. Bxb6 Qe6 $17) 20... Ng4 21. Bxb6 Rc8 22. Rxc8+ Qxc8 23. h3 ({And not} 23. Bxd5 Bxd5 24. Qxd5 Qc2 $11) 23... Qc6 24. Bd4 ({Less strong is} 24. Bxg4 Qxb6+ 25. Kh2 Bh4 $14) 24... Nh6 25. Kh2 Qb5 26. Qxb5 axb5 27. g4 b4 28. a4 f6 29. Bc5 Kf7 30. exf6 gxf6 31. Kg3 Ke6 32. Bxe7 Kxe7 {[%mdl 4096] Endgame KBN-KBN} 33. Nc5 Bc6 {Black hopes to continue with ...Kd6.} 34. b3 Kd6 35. Nd3 Ng8 36. Nxb4 Ba8 37. Nd3 Ne7 38. Kf2 f5 $2 (38... Bc6 39. f5 d4 40. Bxc6 Nxc6) 39. g5 {White is clearly winning.} Ng6 40. b4 {[%cal Bb3b4,Bb4b5][%mdl 32]} Kc6 41. Kg3 Kb6 42. h4 {[%cal Bh3h4,Bh4h5,Bh5h6][%mdl 32]} Bc6 43. b5 Ba8 44. h5 Ne7 45. Ne5 Ka5 46. h6 Ng8 47. g6 Nf6 {[#]} 48. Nd7 $1 {[%mdl 512] Precision: White = 76%, Black = 28%.} 1-0

[Event "2nd Sharjah Masters 2018"]
[Site "Sharjah"]
[Date "2018.04.13"]
[Round "2"]
[White "Adly, Ahmed"]
[Black "Assaubayeva, Bibisara"]
[Result "1/2-1/2"]
[WhiteElo "2626"]
[BlackElo "2359"]
[Annotator "TA"]
[PlyCount "128"]
[EventDate "2018.??.??"]
[EventType "swiss"]
[EventCountry "UAE"]
[SourceTitle "playchess.com"]
[Source "ChessBase"]
[SourceQuality "1"]

{[%evp 16,128,-4,0,14,16,16,12,24,14,29,24,40,40,35,39,37,29,31,21,27,12,5,0,0,0,0,-20,7,8,3,16,50,27,47,0,0,0,80,78,79,25,21,34,19,25,16,9,21,7,0,7,29,-10,0,0,0,0,0,-79,-75,-164,-163,-149,-164,-122,0,0,1,1,2,0,0,0,0,0,0,0,0,0,0,-2,12,12,12,12,12,0,13,13,13,13,13,13,13,0,0,0,0,0,0,0,0,0,0,0,0,0,0,0,0,0,0,0,0]} 1. Nf3 Nf6 2. g3 g6 3. Bg2 Bg7 4. O-O O-O 5. d4 d6 6. b3 c5 7. Bb2 cxd4 8. Nxd4 d5 9. Na3 {LiveBook: 29 Games} Nc6 {A49: 1 d4 Nf6 2 Nf3 g6 3 g3: Anti-King's Indian systems} (9... e5 10. Nf3 e4 11. Nd4 e3 12. f3 Re8 13. c4 h5 14. Ndc2 h4 15. cxd5 Qxd5 16. Qxd5 Nxd5 17. Bxg7 Kxg7 {1-0 (56) Burmakin,V (2627)-Mamedov,N (2614) Balaguer 2009}) 10. c4 Nxd4 11. Bxd4 $146 ({Predecessor:} 11. Qxd4 Qa5 12. b4 Qxb4 13. cxd5 Qxd4 14. Bxd4 Rd8 15. Rfd1 Bg4 {0-1 (32) Aghamaliyev,C (2491)-Selbes,T (2329) Konya 2015}) 11... Qa5 12. Qc1 Be6 13. Qb2 Rac8 {[%cal Rd5c4]} 14. b4 Qd8 15. cxd5 Bxd5 16. e4 Be6 17. Rfd1 Qe8 18. e5 Nd5 19. Bxa7 Nc3 20. Re1 Qd7 21. Rac1 Nxa2 (21... b6 $5 {[%cal Rc3a4]} 22. Rxc3 (22. Bxb6 Na4 $11) 22... Rxc3 23. Qxc3 Rc8 $11) 22. Rcd1 Qa4 23. Bc5 Rfe8 24. Bxb7 Rb8 25. Be4 Rec8 {Hoping for ...Rxc5!} 26. Bc2 Qe8 (26... Qa8 $11 27. Be4 (27. Bxe7 Nc3 $15) 27... Qa4) 27. Qd4 $16 Rd8 28. Qh4 (28. Qf4 $16) 28... Rxd1 $11 29. Bxd1 Qd7 30. Qf4 Qd3 31. Nc2 {Strongly threatening Nd4.} Nc3 32. Ne3 Qd2 33. Rf1 Qb2 34. Ng4 Nd5 $36 {[%cal Bc3d5,Bd5b4,Bb4d3][%mdl 2080] Black is pushing.} 35. Qe4 h5 36. Ne3 Nxb4 37. f4 {[#]} (37. Bxe7 $11 {keeps the balance.} Qxe5 38. Qxe5 Bxe5 39. Bf3) 37... Bh3 $1 $17 38. Ng2 {[#]} (38. Rf2 $17 Qc3 39. Qd4 Qe1+ 40. Nf1) 38... Nd3 $1 $19 {[%cal Rd3c5][%mdl 512]} 39. Be3 {[#]} (39. Qxd3 Qxg2#) 39... Rb4 $1 {[%cal Rb4e4]} 40. Qf3 Bxg2 (40... Qa2 $17 41. Bf2 Bf5) 41. Qxg2 $11 {The position is equal.} Qxg2+ (41... e6 {with more complications.} 42. Qxb2 Rxb2 43. Bf3 Bf8 44. Bd4 Rb4) 42. Kxg2 Rb2+ 43. Kg1 e6 44. Ba4 Re2 45. Bb6 Rb2 46. Bc7 Bf8 {aiming for ...Bc5+.} 47. Bd6 Rb6 48. Bc2 {And now Bxf8 would win.} Nb4 (48... Bxd6 {is more complex.} 49. Bxd3 Bc5+ 50. Kg2 Rb2+ 51. Kh3 Rd2) 49. Rb1 Nd5 50. Rxb6 Nxb6 {[%mdl 4096] Endgame KBB-KBN} 51. Bd3 Nc8 52. Bc7 Bc5+ 53. Kg2 Bb6 54. Bb8 Ba7 55. Bd6 Nxd6 56. exd6 {KB-KB} Bb8 57. d7 Bc7 58. Kf3 Kf8 59. Bb5 Ke7 60. h3 e5 61. Ke4 exf4 62. gxf4 f5+ 63. Ke3 h4 64. Kf3 Kd8 {Precision: White = 52%, Black = 73%.} 1/2-1/2

[Event "2nd Sharjah Masters 2018"]
[Site "Sharjah"]
[Date "2018.04.13"]
[Round "2"]
[White "Iturrizaga Bonelli, Eduardo"]
[Black "Soumya, Swaminathan"]
[Result "1-0"]
[WhiteElo "2624"]
[BlackElo "2354"]
[Annotator "TA"]
[PlyCount "71"]
[EventDate "2018.??.??"]
[EventType "swiss"]
[EventCountry "UAE"]
[SourceTitle "playchess.com"]
[Source "ChessBase"]
[SourceQuality "1"]

{[%evp 14,71,7,11,37,40,17,27,12,18,19,26,18,14,38,40,36,36,41,36,53,6,33,33,49,44,71,68,68,68,64,66,68,68,70,65,81,81,81,75,81,75,81,73,76,73,107,100,105,118,121,108,117,126,288,255,400,390,29987,29988]} 1. c4 c5 2. g3 g6 3. Bg2 Bg7 4. Nc3 Nc6 5. Nf3 e6 6. h4 {A37: Symmetrical English vs ...g6: 4 Bg2 Bg7 5 Nf3} (6. d4 cxd4 7. Nb5 d5 8. cxd5 Qa5+ 9. Qd2 Qxb5 10. dxc6 Qb6 11. b3 Ne7 12. Ba3 Nxc6 13. Rc1 Qa5 14. Qxa5 Nxa5 15. Ng5 Bd7 16. Ne4 Bf8 17. Nd6+ Bxd6 18. Bxd6 {1-0 (42) Mamedov,R (2709)-Aravindh,C (2617) Moscow 2018}) 6... h5 7. d3 Nge7 8. Bg5 {LiveBook: 4 Games. The position is equal.} d5 9. O-O $146 ({Predecessor:} 9. Nd2 f6 10. cxd5 Nxd5 11. Nxd5 exd5 12. Be3 d4 13. Bf4 g5 14. hxg5 fxg5 15. Bxg5 Qxg5 {0-1 (25) Kondopoulos,D (2030)-Mitrandzas,A (2089) Athens 2010}) 9... O-O 10. a3 b6 11. cxd5 exd5 12. Nxd5 Qxd5 13. Bxe7 Re8 14. Bg5 Bb7 15. Rb1 Nd4 16. e4 Qd7 17. b4 (17. Nxd4 {is more complex.} Bxd4 18. Qd2 Ba6 19. Rfd1 Qa4 20. b4) 17... Ba6 (17... Nb5 {with more complications.} 18. Rc1 cxb4 19. axb4 a5 20. bxa5 bxa5 21. Kh2 Rec8) 18. bxc5 (18. Nxd4 {feels hotter.} Bxd4 19. Kh2 Bg7 20. e5 Rab8 21. f4) 18... Nxf3+ 19. Qxf3 Qxd3 20. cxb6 {[#] Hoping for Qxd3.} axb6 {Strongly threatening ...Qxf3.} 21. Rfd1 Qxf3 22. Bxf3 Bc4 23. Rxb6 Rxa3 24. Kg2 Be6 25. Be2 Rc8 26. Rdd6 Kh7 27. Bd1 Bc4 28. Rb7 Re8 29. Bc2 Ra2 30. Bd3 Be6 31. Rxe6 Rxe6 32. Bc4 Rb2 33. Rxf7 Rc6 $2 {[#]} (33... Reb6 $16) 34. Bd5 $18 Rcb6 (34... Rd6 $142 35. Be3 Rb8) 35. e5 Re2 $2 (35... R2b5 $18 36. Rd7 Rb8) 36. Bf6 {Precision: White = 93%, Black = 39%.} 1-0